| 000 | 00577cam a22001457a 4500 | ||
|---|---|---|---|
| 008 | 180718b2010 xxu||||| |||| 00| 0 eng d | ||
| 082 | _aAPPPA 2009-10/SON | ||
| 100 | _aSondh, R. K. | ||
| 245 |
_aThe role of Indian railway catering and trourism coporation in promoting tourism in India: a critical analysis _cby R. K. Sondh |
||
| 260 |
_aNew Delhi _bIndian Institute of Public Administration _c2010 |
||
| 300 | _a69p. | ||
| 500 | _aAn APPPA M.Phil dissertation, 2009-10 (Guide: Dr. GIrish Kumar) | ||
| 650 | _aTourism -India | ||
| 650 | _aRailroads --India --Dining-car service | ||
| 999 |
_c501989 _d501989 |
||